000 00777nam a2200265Ia 4500
003 OSt
005 20221006160257.0
006 a|||||r|||| 00| 0
007 ta
008 221006b |||||||| |||| 00| 0 eng d
020 _a9788991913578
_c
_27.00
024 _a44,802
037 _bgift, Window on Korea
_cTextual
040 _aEASL
_cEASL
_beng
041 _2eng
_aeng
082 _aV495,8.N10, P9
100 _aDuncan John B. etc.
_9672764
245 0 _aInstitutional basis of civil governance in the choson dynasty
260 _aSeoul
_bSeoul Selection Korea
_c2009
300 _a210p.
_ccm.
490 _v KEL
650 _aKEL
942 _hV495,8.N10, P9
_cTEXL
_2CC
999 _c1112894
_d1112894